| 000 | 00769 a2200217 4500 | ||
|---|---|---|---|
| 003 | UA-OsUOA | ||
| 005 | 20260225151209.0 | ||
| 008 | 260225b un ||||| |||| 00| 0 ukr d | ||
| 020 | _a9789665334408 | ||
| 040 |
_bukr _cUA-OsUOA |
||
| 080 | _a821.161.2-31/4 | ||
| 090 |
_a821.161.2-31/4 _bД44 |
||
| 100 |
_aДідович П. _923275 |
||
| 245 |
_aКросна долі _bроман-есе _cПетро Дідович |
||
| 260 |
_aЧернігів _bЧернігівські обереги _c2009 |
||
| 300 | _a208 с. | ||
| 650 |
_a821.161.2 Українська література _941 |
||
| 942 |
_cBK _2udc |
||
| 955 | _a3 | ||
| 999 |
_c579714 _d579714 |
||